00600nam a22001577a 450000500170000000800410001702000180005804100130007608200130008910000130010224501970011525000190031226000530033130000320038465000260041620240131100440.0240131b |||||||| |||| 00| 0 eng d a9789991639642 aEnglish  a347 NAM  lEnglish  aNamibia's Supreme Court at 30 Years : bA Review of the Superior Court's Role in the Development of Namibia's Jurisprudence in the Post-Independence Era /cedited by TV Warikandwa and J Baloro aFirst Edition  aWindhoek : bKonrad Adenauer Foundation, c2022  bxxii, 490 pages ; c25 cm.  aLegal practice bLaw